Central Library OPAC University of Rajshahi

Frontiers in materials science / (Record no. 66769)

MARC details
000 -LEADER
fixed length control field 00737nam a2200241 a 4500
001 - CONTROL NUMBER
control field 66769
003 - CONTROL NUMBER IDENTIFIER
rucl marc code BD-RjUL
005 - DATE AND TIME OF LATEST TRANSACTION
control field 20211209081557.0
008 - FIXED-LENGTH DATA ELEMENTS--GENERAL INFORMATION
fixed length control field 170320s2005 ii a b 001 0 eng d
020 ## - INTERNATIONAL STANDARD BOOK NUMBER
International Standard Book Number 8173715076
035 ## - SYSTEM CONTROL NUMBER
System control number (BD-RjUL)66900
040 ## - CATALOGING SOURCE
Transcribing agency BD-RjUL
Modifying agency BD-RjUL
Original cataloging agency BD-RjUL
Language of cataloging eng
041 ## - LANGUAGE CODE
Language code of text/sound track or separate title eng
082 00 - DEWEY DECIMAL CLASSIFICATION NUMBER
Classification number 620.11
Edition number 23
Author mark and year FRO 2005
245 00 - TITLE STATEMENT
Title Frontiers in materials science /
Statement of responsibility, etc. Baldev Raj; K Bhanu Sankara Rao
260 ## - PUBLICATION, DISTRIBUTION, ETC. (IMPRINT)
Place of publication, distribution, etc. Bangalore :
Name of publisher, distributor, etc. Indian Academy of Sciences,
Date of publication, distribution, etc. 2005.
300 ## - PHYSICAL DESCRIPTION
Pagination vi, 870 p. :
Illustrations ill. ;
Size 24 cm
504 ## - BIBLIOGRAPHY, ETC. NOTE
Bibliography, etc Includes bibliographical references and indexes.
650 #0 - SUBJECT ADDED ENTRY--TOPICAL TERM
Topical term or geographic name as entry element Materials.
9 (RLIN) 197661
700 ## - ADDED ENTRY--PERSONAL NAME
Personal name Raj, Baldev
Personal name Rao, K Bhanu Sankara
942 ## - ADDED ENTRY ELEMENTS (KOHA)
Source of classification or shelving scheme Dewey Decimal Classification
Koha item type Books
Holdings
Lost status Source of classification or shelving scheme Damaged status Not for loan Collection code Permanent Location Current Location Shelving location Date acquired Source of acquisition Cost, normal purchase price Total Checkouts Full call number Date last seen Copy number Koha item type
  Dewey Decimal Classification   Not For Loan Non-fiction Central Library, University of Rajshahi Central Library, University of Rajshahi Reading Room 30/09/2010 Dhaka, paragon Enterprises Ltd. 1100.00   620.11 FRO 2005 20/03/2017 C-1 Books